| 000 | 01044 a2200241 4500 | ||
|---|---|---|---|
| 005 | 20260413120434.0 | ||
| 008 | 260413b |||||||| |||| 00| 0 eng d | ||
| 020 | _a9789383233571 (pbk) | ||
| 037 | _cTB | ||
| 040 |
_aCRL _cCRL |
||
| 041 |
_2hin _ahin |
||
| 084 |
_aV2y7N26 152R0 _qCRL |
||
| 100 |
_aवाजपेयी, अटल बिहारी _9864016 |
||
| 245 | _aविचार - बिन्दु | ||
| 260 |
_aनयी दिल्ली, भारत: _bकिताबघर प्रकाशन, _c2020. |
||
| 300 | _a215पृ. | ||
| 365 |
_b250.00 _cINR |
||
| 650 | _aभारत इतिहास | ||
| 650 |
_aअटल बिहारी वाजपेयी _91234730 |
||
| 700 |
_aशर्मा, चंद्रिकाप्रसाद _eसम्पादक _91234731 |
||
| 942 |
_cTB _2CC _hV2y7N26 152R0 |
||
| 999 |
_c1467547 _d1467547 |
||